[Event "6eme OPEN BLAGNY"]
[Site "BLAGNY 08 ARDENNES"]
[Date "????.??.??"]
[Round "1.1"]
[White "Wallart, Adrien"]
[Black "Marini, Franck"]
[Result "1-0"]
[WhiteElo "2282"]
[BlackElo "1576"]
[PlyCount "39"]

1. c4 Nf6 2. Nf3 e6 3. g3 d5 4. Bg2 dxc4 5. Na3 c6 6. Nxc4 b6 7. Nce5 Bb7 8.
Ng5 Qc7 9. Ngxf7 Rg8 10. Qb3 Nd5 11. e4 Nf6 12. Qxe6+ Be7 13. d4 Bc8 14. Qb3
Rf8 15. Bf4 Bd6 16. Nxd6+ Qxd6 17. Ng6 Qxd4 18. Nxf8 Nxe4 19. O-O Kxf8 20. Rad1
1-0

[Event "6eme OPEN BLAGNY"]
[Site "BLAGNY 08 ARDENNES"]
[Date "????.??.??"]
[Round "1.2"]
[White "Recloux, Georges"]
[Black "Schweitzer, Viktoriya"]
[Result "0-1"]
[WhiteElo "1562"]
[BlackElo "2186"]
[PlyCount "34"]

1. e4 c5 2. Nf3 Nc6 3. d4 cxd4 4. Nxd4 e5 5. Nxc6 bxc6 6. c4 Nf6 7. Bd3 Rb8 8.
O-O Be7 9. b3 d5 10. Re1 dxc4 11. bxc4 Qd4 12. Ba3 Qxa1 13. Bxe7 Kxe7 14. Qa4
Qd4 15. Rd1 Rd8 16. Na3 Nxe4 17. Qc2 Rb2 0-1

[Event "6eme OPEN BLAGNY"]
[Site "BLAGNY 08 ARDENNES"]
[Date "????.??.??"]
[Round "1.3"]
[White "Monaville, Guy"]
[Black "Habran, Gael"]
[Result "1-0"]
[WhiteElo "2094"]
[BlackElo "1542"]
[PlyCount "71"]

1. e4 c6 2. d3 d5 3. Nd2 dxe4 4. dxe4 Nf6 5. Ngf3 g6 6. Bc4 Bg7 7. e5 Nd5 8.
O-O O-O 9. Re1 Be6 10. Nd4 Nd7 11. Nxe6 fxe6 12. Nf3 Qc7 13. Qe2 Rf5 14. Bd3
Nf4 15. Bxf4 Rxf4 16. Bc4 Nc5 17. b4 Re4 18. Qf1 Rxe1 19. Rxe1 Nd7 20. Bxe6+
Kh8 21. Bxd7 Qxd7 22. Rd1 Qf5 23. Qe2 Kg8 24. c4 Kf7 25. c5 Ke8 26. Qc4 Qf7 27.
Qd4 Qe6 28. a4 Qd5 29. Qxd5 cxd5 30. Rxd5 Rd8 31. Rxd8+ Kxd8 32. e6 Kc7 33. b5
Bc3 34. Ng5 Bd4 35. Ne4 a6 36. Kf1 1-0

[Event "6eme OPEN BLAGNY"]
[Site "BLAGNY 08 ARDENNES"]
[Date "????.??.??"]
[Round "1.4"]
[White "Jupin, Remi"]
[Black "Schweitzer, Marc"]
[Result "0-1"]
[WhiteElo "1520"]
[BlackElo "1943"]
[PlyCount "54"]

1. d4 Nf6 2. c4 e6 3. Nf3 d5 4. g3 Be7 5. cxd5 exd5 6. Bg2 O-O 7. O-O c6 8. Nc3
h6 9. Qc2 Be6 10. Bf4 Nbd7 11. Rfe1 Nb6 12. Rad1 Nc4 13. Nd2 Nxd2 14. Bxd2 Qd7
15. f3 Bf5 16. e4 dxe4 17. fxe4 Bg4 18. Ne2 Bxe2 19. Rxe2 Qxd4+ 20. Be3 Qe5 21.
Red2 Qe6 22. b3 Ng4 23. Bf4 Ne5 24. Bxe5 Qxe5 25. Rd7 Rab8 26. Qd2 Rfd8 27. Qd4
Bc5 0-1

[Event "6eme OPEN BLAGNY"]
[Site "BLAGNY 08 ARDENNES"]
[Date "????.??.??"]
[Round "1.5"]
[White "Halfaoui, Eddine"]
[Black "Audino, Marco"]
[Result "1-0"]
[WhiteElo "1921"]
[BlackElo "1499"]
[PlyCount "77"]

1. e4 e5 2. Nf3 Nc6 3. Bb5 Nf6 4. O-O d6 5. Re1 Be7 6. d4 a6 7. Ba4 b5 8. Bb3
Na5 9. dxe5 Nxb3 10. axb3 dxe5 11. Qxd8+ Bxd8 12. Nxe5 O-O 13. f3 Bb7 14. Be3
Be7 15. Nc3 Bd6 16. Nd3 Rfe8 17. Bf4 Bxf4 18. Nxf4 Rad8 19. Rad1 c6 20. Nd3 Nd7
21. b4 f6 22. Kf2 Kf7 23. Ne2 Bc8 24. Nd4 Nb8 25. Nc5 Rd6 26. Nf5 Rxd1 27. Rxd1
Bxf5 28. exf5 g6 29. fxg6+ hxg6 30. Rd6 Re7 31. Rd8 Re8 32. Rxe8 Kxe8 33. Ke3
Ke7 34. f4 f5 35. h3 Kf6 36. g4 g5 37. gxf5 Kxf5 38. fxg5 Kxg5 39. Ke4 1-0

[Event "6eme OPEN BLAGNY"]
[Site "BLAGNY 08 ARDENNES"]
[Date "????.??.??"]
[Round "1.6"]
[White "Van Malderen, Siegfried"]
[Black "Romain, Adeline"]
[Result "0-1"]
[WhiteElo "1460"]
[BlackElo "1710"]
[PlyCount "81"]

1. c4 d5 2. cxd5 Qxd5 3. Nc3 Qa5 4. Nf3 c6 5. g3 Bg4 6. Bg2 Nf6 7. O-O e6 8. d3
Nbd7 9. Bd2 Qh5 10. a3 h6 11. Nd4 Bh3 12. f3 Bc5 13. e3 Bxd4 14. exd4 Bxg2 15.
Kxg2 O-O 16. h3 Nd5 17. Ne2 N7f6 18. Nf4 Nxf4+ 19. Bxf4 Nd5 20. Bd2 Rfd8 21.
Qe2 Nf6 22. Bc3 Qg6 23. Rad1 Nh5 24. Qf2 Rd5 25. Kh2 Qf6 26. Qe3 Rad8 27. f4
Qg6 28. Rf3 Nf6 29. g4 Rb5 30. Rf2 Nd5 31. Qd2 Nxc3 32. Qxc3 Rdd5 33. b4 Qf6
34. a4 Rb6 35. Re1 Qxd4 36. Qxd4 Rxd4 37. f5 exf5 38. Re8+ Kh7 39. gxf5 Rbxb4
40. Rf3 Rb2+ 41. Kg3 0-1

[Event "6eme OPEN BLAGNY"]
[Site "BLAGNY 08 ARDENNES"]
[Date "????.??.??"]
[Round "2.1"]
[White "Schweitzer, Marc"]
[Black "Wallart, Adrien"]
[Result "0-1"]
[WhiteElo "1943"]
[BlackElo "2282"]
[PlyCount "162"]

1. d4 Nf6 2. Nf3 g6 3. g3 Bg7 4. Bg2 O-O 5. O-O d6 6. c4 Nbd7 7. Nc3 e5 8. e4
c6 9. dxe5 dxe5 10. Qc2 Qe7 11. h3 Nc5 12. Be3 Nfd7 13. Rad1 Ne6 14. b3 Nb6 15.
Qc1 Re8 16. Rfe1 Bd7 17. Kh2 Rad8 18. Rd2 Bc8 19. Red1 Rxd2 20. Rxd2 f5 21.
exf5 gxf5 22. Ne2 Qc7 23. Rd1 Nd7 24. Bh6 Ndc5 25. Bxg7 Qxg7 26. Nh4 Rf8 27. f4
e4 28. Qc3 Nd3 29. Qxg7+ Nxg7 30. Nc3 Be6 31. Bf1 Nc5 32. Be2 a5 33. Ng2 Kf7
34. Ne3 Ke7 35. Nc2 Ne8 36. Nd4 Nc7 37. Nc2 N7a6 38. Rd2 Rf6 39. Nd1 a4 40. b4
Nd3 41. Bxd3 exd3 42. Rxd3 Bxc4 43. Re3+ Kd7 44. Nb2 Bxa2 45. Nxa4 Rd6 46. Re2
Bb1 47. Ne3 Rd4 48. Nc5+ Nxc5 49. bxc5 Be4 50. g4 fxg4 51. Nxg4 Bf5 52. Ne5+
Kc7 53. Kg3 Rd5 54. Nf3 Rxc5 55. Re7+ Kb6 56. Rf7 Bg6 57. Rf6 Rc3 58. Kg4 Bc2
59. Ng5 Bd1+ 60. Kf5 h5 61. Kg6 h4 62. Re6 Bc2+ 63. Kh5 (63. f5 Rb3 64. Re5 $11
) 63... Kc5 64. Rf6 b5 65. Ne6+ Kd5 66. Nc7+ Ke4 67. Na6 c5 68. Kxh4 b4 69. Kg5
b3 70. Re6+ Kd4 71. Rb6 Rxh3 72. f5 Rg3+ 73. Kf4 Rg1 74. f6 Rf1+ 75. Kg5 Kc3
76. Nxc5 Rf5+ (76... b2 77. Rxb2 {seul coup} Kxb2) 77. Kh6 b2 78. Kg7 Rxc5 79.
f7 Rc7 80. Kf6 (80. Rxb2 Kxb2 81. Kf6 Bb3 82. f8=Q Rf7+ {et nul !!}) 80...
Rxf7+ 81. Kxf7 Bb3+ 0-1

[Event "6eme OPEN BLAGNY"]
[Site "BLAGNY 08 ARDENNES"]
[Date "????.??.??"]
[Round "2.2"]
[White "Schweitzer, Viktoriya"]
[Black "Halfaoui, Eddine"]
[Result "1-0"]
[WhiteElo "2186"]
[BlackElo "1921"]
[PlyCount "159"]

1. e4 e6 2. d3 d5 3. Nd2 Nf6 4. Ngf3 Be7 5. g3 O-O 6. Bg2 Nc6 7. e5 Nd7 8. Qe2
f6 9. exf6 Nxf6 10. O-O Bd6 11. d4 Bd7 12. c3 Qe7 13. Ne5 Be8 14. f4 Nd8 15.
Nb3 a6 16. Re1 Bb5 17. Qd1 Bxe5 18. dxe5 Nd7 19. Be3 c5 20. a4 Bc6 21. Na5 Rc8
22. Qd2 b6 23. Nxc6 Nxc6 24. Rad1 Kh8 25. Qe2 c4 26. Qg4 Nc5 27. Bxc5 Qxc5+ 28.
Kh1 Rce8 29. Rd2 g6 30. h4 Kg7 31. Qd1 Ne7 32. Bh3 Nf5 33. Bxf5 Rxf5 34. Kg2
Qc6 35. Rd4 Ref8 36. Kf3 Qc7 37. Ke3 Qf7 38. Kd2 Qd7 39. Rf1 h5 40. g4 hxg4 41.
Qxg4 Qf7 42. Rg1 Rh8 43. Kc1 Rfh5 44. Rh1 Qe7 45. Rg1 R8h6 46. Qg2 Rf5 47. Qg4
Qxh4 48. Rxd5 Qxg4 49. Rd7+ Rf7 50. Rxf7+ Kxf7 51. Rxg4 Rh1+ 52. Kc2 Ra1 53.
Rh4 Kg7 54. Rh2 Rf1 55. Rh4 Rf2+ 56. Kb1 g5 57. fxg5 Rf5 58. Rxc4 Rxe5 (58...
b5) 59. Rc6 Kg6 60. Rxb6 a5 61. Rb5 Re1+ 62. Kc2 e5 63. Rxa5 Kxg5 64. Kd2 Re4
65. b4 Kf4 66. Ra8 Rc4 67. Kd3 Rc7 68. Rf8+ Kg5 69. b5 e4+ 70. Kxe4 Rxc3 71.
Kd4 Ra3 72. Ra8 Kf6 73. b6 Rb3 74. Kc5 Ke7 75. Kc6 Rc3+ 76. Kb7 Kd7 77. a5 Rd3
78. Rc8 Ra3 79. Rc7+ Kd8 80. a6 1-0

[Event "6eme OPEN BLAGNY"]
[Site "BLAGNY 08 ARDENNES"]
[Date "????.??.??"]
[Round "2.3"]
[White "Romain, Adeline"]
[Black "Monaville, Guy"]
[Result "0-1"]
[WhiteElo "1710"]
[BlackElo "2094"]
[PlyCount "52"]

1. d4 d5 2. Nf3 Nc6 3. e3 Bg4 4. Bd3 e5 5. dxe5 Nxe5 6. Be2 Bxf3 7. Bxf3 Nf6 8.
O-O c6 9. Nd2 Bd6 10. b3 O-O 11. Bb2 Qe7 12. Rc1 Rad8 13. Qe2 Rfe8 14. Rfd1 Ba3
15. Bxa3 (15. Bxe5 Bxc1 (15... Qxe5 16. Rb1) 16. Bxf6 Qxf6 17. Rxc1) 15... Qxa3
16. Ra1 (16. c4 Qxa2 17. Ra1 Qc2 18. Rxa7 Nxf3+ 19. gxf3) 16... Qb2 17. Rdc1
Qc3 18. a4 d4 19. Qe1 dxe3 20. Ne4 Nxf3+ 21. gxf3 Nxe4 22. fxe4 exf2+ 23. Qxf2
Rd2 24. Qf5 g6 25. Qf4 Qd4+ 26. Kf1 Rxe4 0-1

[Event "6eme OPEN BLAGNY"]
[Site "BLAGNY 08 ARDENNES"]
[Date "????.??.??"]
[Round "2.4"]
[White "Marini, Franck"]
[Black "Jupin, Francois"]
[Result "1/2-1/2"]
[WhiteElo "1576"]
[BlackElo "1623"]
[PlyCount "64"]

1. d4 d5 2. c4 c6 3. Nf3 Nf6 4. Nc3 a6 5. cxd5 cxd5 6. Bg5 e6 7. e3 Be7 8. Bd3
Nbd7 9. O-O b5 10. a3 Bb7 11. Qe2 Rc8 12. Rfc1 h6 13. Bh4 O-O 14. Rc2 Qb6 15.
Rac1 Rfe8 16. Na2 Rxc2 17. Rxc2 Ne4 18. Bxe7 Rxe7 19. Rc1 f5 20. Qc2 Ndf6 21.
Nd2 Nxd2 22. Qxd2 Rc7 23. Rxc7 Qxc7 24. Qc2 Qxc2 25. Bxc2 Nd7 26. Bd3 Nb6 27.
b3 Kf7 28. Kf1 Ke7 29. Ke2 Kd6 30. f4 h5 31. g3 Nd7 32. Nc3 Nb6 1/2-1/2

[Event "6eme OPEN BLAGNY"]
[Site "BLAGNY 08 ARDENNES"]
[Date "????.??.??"]
[Round "2.5"]
[White "Audino, Marco"]
[Black "Recloux, Georges"]
[Result "1-0"]
[WhiteElo "1499"]
[BlackElo "1562"]
[PlyCount "32"]

1. e4 d5 2. exd5 Nf6 3. d4 Nxd5 4. c4 Nb4 5. Qa4+ N8c6 6. d5 b5 7. cxb5 Nd4 8.
Na3 e6 9. dxe6 Bxe6 10. Bd2 Qe7 11. Qxb4 Qxb4 12. Bxb4 Bxb4+ 13. Kd1 O-O 14.
Ne2 Bxa3 15. Nxd4 Bxb2 16. Nxe6 fxe6 1-0

[Event "6eme OPEN BLAGNY"]
[Site "BLAGNY 08 ARDENNES"]
[Date "????.??.??"]
[Round "2.6"]
[White "Habran, Gael"]
[Black "Van Malderen, Siegfried"]
[Result "1-0"]
[WhiteElo "1542"]
[BlackElo "1460"]
[PlyCount "42"]

1. e4 c5 2. Nc3 g6 3. Bc4 Bg7 4. f4 d6 5. Nf3 e6 6. d3 Ne7 7. O-O O-O 8. Qe1 a6
9. a3 Bd7 10. Bb3 Nbc6 11. Be3 b6 12. Qg3 Kh8 13. Nd2 f5 14. exf5 exf5 15. Qf3
b5 16. Rab1 Rb8 17. Rfe1 Bd4 18. Qf2 Bf6 19. Nf3 Nd4 20. Ne2 Nxb3 21. cxb3 Nc6
1-0

[Event "6eme OPEN BLAGNY"]
[Site "BLAGNY 08 ARDENNES"]
[Date "????.??.??"]
[Round "2.7"]
[White "Hurreau, Jean Francois"]
[Black "Jupin, Remi"]
[Result "1/2-1/2"]
[WhiteElo "1452"]
[BlackElo "1520"]
[PlyCount "69"]

1. e4 e6 2. d4 d5 3. Nc3 Nf6 4. e5 Nfd7 5. Bd2 c5 6. Be3 Nc6 7. Nf3 cxd4 8.
Bxd4 Nxd4 9. Qxd4 Bc5 10. Qd2 Qc7 11. Bb5 a6 12. Bxd7+ Bxd7 13. O-O-O Bb4 14.
a3 Bxc3 15. Qxc3 Qxc3 16. bxc3 Rc8 17. Rd3 O-O 18. Rhd1 Rc5 19. Nd4 Rfc8 20.
Kb2 Bb5 21. Rg3 Bc4 22. Re1 h6 23. f4 Kh7 24. Ree3 Rg8 25. Ref3 Rc7 26. f5 exf5
27. Rxf5 Re8 28. Re3 f6 29. g4 Rce7 30. e6 Kg8 31. h4 Rf8 32. Ref3 (32. g5 hxg5
33. hxg5 fxg5 34. Rxg5) 32... Ree8 33. Re3 Re7 34. Ref3 Ree8 35. Re3 1/2-1/2

[Event "6eme OPEN BLAGNY"]
[Site "BLAGNY 08 ARDENNES"]
[Date "????.??.??"]
[Round "3.1"]
[White "Wallart, Adrien"]
[Black "Schweitzer, Viktoriya"]
[Result "1-0"]
[WhiteElo "2282"]
[BlackElo "2186"]
[PlyCount "127"]

1. Nf3 Nf6 2. c4 g6 3. g3 Bg7 4. Bg2 O-O 5. O-O d6 6. Nc3 Nc6 7. d3 Bf5 8. Rb1
Qd7 9. Re1 e5 10. b4 Rae8 11. Bg5 h6 12. Bxf6 Bxf6 13. b5 Nd8 14. Qc1 Bg7 15.
Qa3 e4 16. Nxe4 Bxe4 17. dxe4 Rxe4 18. Nd2 Re7 19. Qxa7 Rfe8 20. e3 Bc3 21.
Red1 Bxd2 22. Rxd2 Qf5 23. Rc1 b6 24. a4 Qc5 25. Rd5 Qa3 26. Rdd1 Qb4 27. Bf1
Ne6 28. Rb1 Qc3 29. a5 bxa5 30. Ra1 Ng5 31. Qxa5 Nf3+ 32. Kg2 Qf6 33. Qa2 h5
34. Qe2 h4 35. h3 Ng5 36. g4 Re4 37. Ra3 Rxc4 38. Qxc4 Qf3+ 39. Kh2 Qxd1 40.
Bg2 Nf3+ 41. Bxf3 Qxf3 42. Ra2 Re7 43. g5 Re5 44. Qxc7 Rc5 (44... Rxb5 45. Qd8+
Kh7 46. Qf6 Qxf6 47. gxf6 g5 48. Rd2 d5 49. Kg2 Kg6) 45. Qd8+ Kh7 46. Qf6 Qxf6
47. gxf6 Rxb5 48. Ra7 Kg8 49. Ra8+ Kh7 50. Rf8 Rb7 51. f4 d5 (51... Rb2+ 52.
Kg1) 52. Kg2 Rd7 53. Kf3 d4 54. exd4 Rxd4 55. Rxf7+ Kh6 56. Rf8 Kh7 57. Kg4 Rb4
58. Re8 g5 59. Kxg5 Rb5+ 60. f5 Rb1 61. f7 Rg1+ 62. Kf6 Rg7 63. Rh8+ Kxh8 64.
f8=Q+ 1-0

[Event "6eme OPEN BLAGNY"]
[Site "BLAGNY 08 ARDENNES"]
[Date "????.??.??"]
[Round "3.2"]
[White "Monaville, Guy"]
[Black "Jupin, Francois"]
[Result "1-0"]
[WhiteElo "2094"]
[BlackElo "1623"]
[PlyCount "73"]

1. e4 e6 2. d3 d5 3. Nd2 Bd6 4. Ngf3 c5 5. g3 b6 6. Bg2 Bb7 7. O-O Nd7 8. Re1
Ne7 9. e5 Bc7 10. c3 Rc8 11. d4 cxd4 12. cxd4 Bb8 13. Nf1 h6 14. h4 Qc7 15. Bd2
Qc2 16. Qxc2 Rxc2 17. Bc3 Ba6 18. Ne3 Rxc3 19. bxc3 O-O 20. Rec1 Rc8 21. Bf1
Bxf1 22. Kxf1 b5 23. a4 bxa4 24. Rxa4 Nb6 25. Raa1 Kf8 26. Nd2 Nc6 27. Nb3 Nxe5
28. dxe5 Bxe5 29. Nd4 Rc7 30. Ng4 Bxd4 31. cxd4 Nc4 32. Ne5 Ke7 33. Nxc4 dxc4
34. Ra4 c3 35. Ra3 Rd7 36. Rcxc3 Rxd4 37. Rxa7+ 1-0

[Event "6eme OPEN BLAGNY"]
[Site "BLAGNY 08 ARDENNES"]
[Date "????.??.??"]
[Round "3.3"]
[White "Romain, Adeline"]
[Black "Schweitzer, Marc"]
[Result "0-1"]
[WhiteElo "1710"]
[BlackElo "1943"]
[PlyCount "78"]

1. d4 Nf6 2. Nf3 g6 3. e3 Bg7 4. Bd3 O-O 5. Nbd2 d6 6. O-O Nbd7 7. b3 b6 8. Bb2
Bb7 9. c4 e6 10. Qc2 c5 11. Rac1 Rc8 12. Rfe1 d5 13. dxc5 Nxc5 14. Ba3 Re8 15.
Bxc5 Rxc5 16. b4 Rc8 17. Qa4 dxc4 18. Bxc4 Re7 19. Ba6 Bxa6 20. Qxa6 Rcc7 21.
Rxc7 Rxc7 22. Nb3 Nd5 23. a3 Nc3 24. Nbd4 Qd7 25. g3 e5 26. Ne2 e4 27. Nxc3
Bxc3 28. Rb1 exf3 29. Qf1 Bf6 30. Rd1 Qc6 31. h4 h5 32. Qd3 Qe6 33. Qf1 Rc3 34.
Kh2 Rxa3 35. Rd2 Ra1 36. Rd1 Rxd1 37. Qxd1 Qc4 38. b5 Kg7 39. Qxf3 Qc5 0-1

[Event "6eme OPEN BLAGNY"]
[Site "BLAGNY 08 ARDENNES"]
[Date "????.??.??"]
[Round "3.4"]
[White "Halfaoui, Eddine"]
[Black "Habran, Gael"]
[Result "1-0"]
[WhiteElo "1921"]
[BlackElo "1542"]
[PlyCount "111"]

1. e4 c6 2. d4 d5 3. Nc3 dxe4 4. Nxe4 Nd7 5. Nf3 Ngf6 6. Ng3 e6 7. Bd3 Be7 8.
O-O O-O 9. c4 c5 10. d5 exd5 11. cxd5 Nb6 12. Bg5 Nbxd5 13. Qb3 Qc7 14. Bc4 Nb6
15. Rfe1 Nxc4 16. Qxc4 Be6 17. Rxe6 fxe6 18. Qxe6+ Kh8 19. Rc1 Rae8 20. Qc4 Nd7
21. Qh4 Ne5 22. Bxe7 Nxf3+ 23. gxf3 Qxe7 24. Qxe7 Rxe7 25. Rxc5 g6 26. Kg2 Kg7
27. Ne4 Rf5 28. Rc3 Rd7 29. Nc5 Re7 30. Ne4 b6 31. Kg3 Rd7 32. a3 Rfd5 33. Rc2
Kf7 34. Kg4 h6 35. Rc6 Rf5 36. Nd6+ Rxd6 37. Rxd6 Rg5+ 38. Kf4 Ke7 39. Rc6 Kd7
40. Rc4 Kd6 41. h4 Rf5+ 42. Kg4 h5+ 43. Kg3 a5 44. a4 Kd5 45. Rc8 Kd4 46. Rc6
b5 47. Rxg6 b4 48. Rg5 Re5 49. f4 Re8 50. Rxa5 Kc4 51. f5 Kb3 52. Kf4 Kxb2 53.
f6 b3 54. Kf5 Ka2 55. f7 Rh8 56. Rb5 1-0

[Event "6eme OPEN BLAGNY"]
[Site "BLAGNY 08 ARDENNES"]
[Date "????.??.??"]
[Round "3.5"]
[White "Jupin, Remi"]
[Black "Audino, Marco"]
[Result "0-1"]
[WhiteElo "1520"]
[BlackElo "1499"]
[PlyCount "66"]

1. d4 Nf6 2. c4 e6 3. Nf3 Bb4+ 4. Nc3 c5 5. Qc2 d5 6. a3 Bxc3+ 7. Qxc3 Ne4 8.
Qc2 O-O 9. e3 cxd4 10. exd4 a5 11. cxd5 exd5 12. Bd3 Re8 13. O-O Nc6 14. Re1
Bg4 15. Be3 Bxf3 16. gxf3 Nf6 17. Qc3 Rc8 18. Bf4 Ne5 19. Bxe5 Rxc3 20. bxc3
Nd7 21. f4 f6 22. Bd6 Kf7 23. Rxe8 Qxe8 24. Rb1 b6 25. Bb5 Qe6 26. Bc7 Ke7 27.
Bxd7 Kxd7 28. Bxb6 Qg4+ 29. Kf1 Qh3+ 30. Kg1 Qxc3 31. Rb5 Qe1+ 32. Kg2 Qe4+ 33.
Kg3 Qd3+ 0-1

[Event "6eme OPEN BLAGNY"]
[Site "BLAGNY 08 ARDENNES"]
[Date "????.??.??"]
[Round "3.6"]
[White "Hurreau, Jean Francois"]
[Black "Marini, Franck"]
[Result "1/2-1/2"]
[WhiteElo "1452"]
[BlackElo "1576"]
[PlyCount "77"]

1. e4 e6 2. d3 d5 3. exd5 exd5 4. Nf3 Nf6 5. Bg5 Be7 6. g3 O-O 7. Bg2 c6 8. O-O
Bg4 9. Nbd2 Nbd7 10. h3 Bh5 11. Re1 Re8 12. c3 Qb6 13. Qb3 Qxb3 14. Nxb3 Bg6
15. d4 Bd6 16. Rxe8+ Rxe8 17. Re1 Rxe1+ 18. Nxe1 Ne4 19. Nf3 Nxg5 20. Nxg5 h6
21. Nf3 Be4 22. Nbd2 Bh7 23. h4 f6 24. c4 dxc4 25. Nxc4 Bc7 26. Ne3 Nb6 27. Nd2
Bd3 28. d5 cxd5 29. Nxd5 Nxd5 30. Bxd5+ Kf8 31. Bxb7 Be5 32. b3 Bc3 33. Ne4 Bb4
34. g4 Bb1 35. f4 Bxa2 36. Bd5 Bb1 37. Kf2 a5 38. Ke3 Ba2 39. Kd4 1/2-1/2

[Event "6eme OPEN BLAGNY"]
[Site "BLAGNY 08 ARDENNES"]
[Date "????.??.??"]
[Round "3.7"]
[White "Recloux, Georges"]
[Black "Van Malderen, Siegfried"]
[Result "1-0"]
[WhiteElo "1562"]
[BlackElo "1460"]
[PlyCount "72"]

1. e4 c5 2. Nf3 Nc6 3. d4 cxd4 4. Nxd4 e5 5. Nb5 d6 6. N1c3 g6 7. Na3 a6 8. Nd5
Be6 9. Bc4 Bxd5 10. Bxd5 Nf6 11. Bg5 Bg7 12. Nc4 h6 13. Bxf6 Qxf6 14. Bxc6+
bxc6 15. Qxd6 Qxd6 16. Nxd6+ Ke7 17. O-O-O Rhd8 18. Nb7 Rd7 19. Rxd7+ Kxd7 20.
Rd1+ Ke7 21. Nc5 Ra7 22. Rd3 h5 23. Kd2 Bh6+ 24. Ke2 f5 25. f3 f4 26. g3 g5 27.
gxf4 exf4 28. Ra3 Bg7 29. b4 Bb2 30. Rxa6 Rxa6 31. Nxa6 Bd4 32. c4 Kd6 33. c5+
Kd7 34. a4 Kc8 35. b5 cxb5 36. axb5 Bc3 1-0

[Event "6eme OPEN BLAGNY"]
[Site "BLAGNY 08 ARDENNES"]
[Date "????.??.??"]
[Round "4.1"]
[White "Monaville, Guy"]
[Black "Wallart, Adrien"]
[Result "1/2-1/2"]
[WhiteElo "2094"]
[BlackElo "2282"]
[PlyCount "117"]

1. e4 e6 2. d3 d5 3. Nd2 Nf6 4. Ngf3 Be7 5. g3 c5 6. Bg2 Nc6 7. O-O Qc7 8. Re1
O-O 9. c3 b5 10. a3 a5 11. e5 Nd7 12. d4 Ba6 13. Nf1 Rfc8 14. Bf4 b4 15. Ne3
Qd8 16. h4 bxa3 17. bxa3 Rab8 18. Bg5 c4 19. Bxe7 Qxe7 20. Nd2 Nb6 21. a4 Rc7
22. f4 Qd7 23. Bh3 Ne7 24. Nf3 Bc8 25. Ng5 h6 26. Nxf7 Kxf7 27. f5 Kg8 28. fxe6
Qe8 29. Ng2 Ng6 30. Qh5 Bxe6 31. Bxe6+ Qxe6 32. Rf1 Rf8 33. Rxf8+ Nxf8 34. Nf4
Qf7 35. Qg4 Rc6 36. Rf1 Qd7 37. Qf3 Rc8 38. Rb1 Qc6 39. Rb5 Nxa4 40. Rxa5 Nb6
41. Rc5 (41. Nxd5 Nxd5 42. Qxd5+ Qxd5 43. Rxd5 Kf7 44. Ra5 Ng6 45. Kf2) 41...
Qd7 42. Rxc8 Qxc8 43. Nxd5 Nxd5 44. Qxd5+ Qe6 45. Qc5 Nd7 46. Qc8+ Kf7 47. Kg2
Ke7 48. Qc7 g5 49. hxg5 hxg5 50. Kh2 g4 51. Kg1 Qd5 52. Qc8 Qf3 53. Qxc4 Qxg3+
54. Kf1 Qf3+ 55. Kg1 Qg3+ 56. Kf1 Qf3+ 57. Kg1 g3 58. Qf1 Qxc3 59. Qf4 1/2-1/2

[Event "6eme OPEN BLAGNY"]
[Site "BLAGNY 08 ARDENNES"]
[Date "????.??.??"]
[Round "4.2"]
[White "Schweitzer, Viktoriya"]
[Black "Audino, Marco"]
[Result "1-0"]
[WhiteElo "2186"]
[BlackElo "1499"]
[PlyCount "53"]

1. e4 e5 2. Nf3 Nf6 3. Nc3 Nc6 4. d4 Bb4 5. d5 Ne7 6. Bd3 d6 7. Bd2 Bg4 8. h3
Bh5 9. g4 Bg6 10. Qe2 c6 11. dxc6 bxc6 12. Nh4 Nd7 13. Nf5 Nc5 14. Nxg7+ Kf8
15. Nf5 Bxf5 16. gxf5 h5 17. Rg1 Ke8 18. Rg5 h4 19. Bc4 d5 20. exd5 Bxc3 21.
Bxc3 f6 22. Rh5 Rg8 23. O-O-O cxd5 24. Bxd5 Nxd5 25. Qb5+ Nd7 26. Qxd5 Rf8 27.
Rh7 1-0

[Event "6eme OPEN BLAGNY"]
[Site "BLAGNY 08 ARDENNES"]
[Date "????.??.??"]
[Round "4.3"]
[White "Schweitzer, Marc"]
[Black "Halfaoui, Eddine"]
[Result "1-0"]
[WhiteElo "1943"]
[BlackElo "1921"]
[PlyCount "111"]

1. d4 d5 2. Nf3 Nf6 3. g3 c6 4. Bg2 Bf5 5. O-O e6 6. Nbd2 Nbd7 7. c4 Be7 8. Qb3
Qb6 9. c5 Qa6 10. Re1 O-O 11. Bf1 Qa5 12. Nh4 Ne4 13. Nxf5 exf5 14. Qc2 h5 15.
f3 Nef6 16. Qxf5 b6 17. cxb6 Nxb6 18. Rd1 Qa4 19. Nb3 Nc4 20. Qd3 Rab8 21. e4
Nd7 22. Qe2 Rfe8 23. Bf4 Bd6 24. Bxd6 Nxd6 25. e5 Nc4 26. f4 Qb4 27. Qf2 a5 28.
Rab1 Ndb6 29. Nc5 a4 30. b3 Na3 31. Rbc1 Rbc8 32. Qd2 Qxd2 33. Rxd2 axb3 34.
axb3 Rc7 35. Ra2 Nb5 36. Bxb5 cxb5 37. Ra5 b4 38. Rb5 Nd7 39. Rxb4 Ra8 40. Ra4
Rb8 41. b4 Nb6 42. Raa1 Rbc8 43. Nb3 Nc4 44. Nc5 Rc6 45. Ra6 Rxa6 46. Nxa6 Rc6
47. b5 Rb6 48. Nc7 Ne3 49. Rc5 Rb7 50. Nxd5 Nf5 51. b6 Nxd4 52. Rc7 Rb8 53. b7
Kh7 54. Rxf7 Kg6 55. Rd7 Ne6 56. Ne7+ 1-0

[Event "6eme OPEN BLAGNY"]
[Site "BLAGNY 08 ARDENNES"]
[Date "????.??.??"]
[Round "4.5"]
[White "Marini, Franck"]
[Black "Recloux, Georges"]
[Result "1-0"]
[WhiteElo "1576"]
[BlackElo "1562"]
[PlyCount "77"]

1. d4 g6 2. c4 Bg7 3. Nc3 c5 4. e3 Na6 5. Nf3 d6 6. Be2 Nf6 7. O-O Bf5 8. a3
Ne4 9. Nxe4 Bxe4 10. Bd3 Bxd3 11. Qxd3 cxd4 12. exd4 O-O 13. Rd1 Re8 14. Rb1 e5
15. dxe5 dxe5 16. Qxd8 Raxd8 17. Rxd8 Rxd8 18. Be3 b6 19. b4 e4 20. Ng5 f5 21.
Ne6 Rd7 22. Nxg7 Kxg7 23. Kf1 Kf6 24. Ke2 g5 25. g3 h5 26. Rd1 Nb8 27. Rxd7
Nxd7 28. Kd2 g4 29. Kc3 Ke6 30. Bf4 Ne5 31. Bxe5 Kxe5 32. c5 Kd5 33. cxb6 axb6
34. a4 e3 35. fxe3 Ke4 36. a5 bxa5 37. bxa5 Kd5 38. a6 f4 39. gxf4 1-0

[Event "6eme OPEN BLAGNY"]
[Site "BLAGNY 08 ARDENNES"]
[Date "????.??.??"]
[Round "4.6"]
[White "Habran, Gael"]
[Black "Hurreau, Jean Francois"]
[Result "1-0"]
[WhiteElo "1542"]
[BlackElo "1452"]
[PlyCount "57"]

1. e4 e5 2. f4 d6 3. Nf3 f6 4. Bc4 Ne7 5. fxe5 dxe5 6. O-O Nec6 7. Nh4 Qd4+ 8.
Kh1 Qxc4 9. Nc3 Bg4 10. d3 Bxd1 11. dxc4 Bxc2 12. Rf2 Bd3 13. b3 Na6 14. Rd2
Nab4 15. a3 Nc2 16. Ra2 N6d4 17. Rxd3 Ne1 18. Rd1 Nec2 19. Rd2 Ne3 20. Rdb2 Ng4
21. h3 Nh6 22. Bxh6 gxh6 23. Nd5 Rc8 24. Nxf6+ Kf7 25. Ng4 Nc6 26. Rf2+ Ke6 27.
Rf6+ Kd7 28. Rd2+ Nd4 29. Nf5 1-0

[Event "6eme OPEN BLAGNY"]
[Site "BLAGNY 08 ARDENNES"]
[Date "????.??.??"]
[Round "5.1"]
[White "Schweitzer, Viktoriya"]
[Black "Monaville, Guy"]
[Result "1-0"]
[WhiteElo "2186"]
[BlackElo "2094"]
[PlyCount "148"]

1. e4 d5 2. exd5 Qxd5 3. Nc3 Qd6 4. d4 Nf6 5. Nf3 Bg4 6. h3 Bxf3 7. Qxf3 Nc6 8.
Bb5 O-O-O 9. Bxc6 Qxc6 10. Qxc6 bxc6 11. Be3 a6 12. O-O-O e6 13. Bg5 Be7 14.
Rd3 h6 15. Bxf6 gxf6 16. f4 Rdg8 17. g3 f5 18. Re1 h5 19. h4 Rd8 20. a3 Rhg8
21. b4 Bf6 22. Red1 Rg4 23. Ne2 Rgg8 24. Kb2 Rd7 25. Kc3 Rgd8 26. Kc4 Be7 27.
Re3 Bf6 28. c3 Rd5 29. Re1 a5 30. Nc1 axb4 31. axb4 Kd7 32. Nb3 Ra8 33. Nc5+
Ke7 34. Kb3 Rd6 35. Nb7 Rd5 36. R1e2 Ra7 37. Na5 Ra6 38. Ra2 Rd8 39. Ree2 Rg8
40. Rg2 Rg4 41. Kc4 Kd7 42. Kd3 Rg8 43. Ke3 Rga8 44. Rad2 Ke8 45. Kd3 Rb8 46.
Ra2 Rba8 47. Kc4 Kd7 48. Rge2 Be7 49. Rad2 Ke8 50. Re1 Rb8 51. Rdd1 Kf8 52. Ra1
Ke8 53. Nb3 Rxa1 54. Rxa1 Kd7 55. Nc1 Rg8 56. Ne2 Rb8 57. Ra6 Bd6 58. Kd3 Rg8
59. Ke3 Rb8 60. Nc1 Kc8 61. Ra7 Rb7 62. Ra8+ Rb8 63. Rxb8+ Kxb8 64. Nb3 Kc8 65.
Na5 Kd7 66. Kd3 f6 67. Nc4 Kc8 68. Ne3 Kd7 69. Nc2 Kc8 70. c4 Kd7 71. c5 Bf8
72. Ne3 Be7 73. Nc4 Bf8 74. Kc3 Be7 1-0

[Event "6eme OPEN BLAGNY"]
[Site "BLAGNY 08 ARDENNES"]
[Date "????.??.??"]
[Round "5.2"]
[White "Wallart, Adrien"]
[Black "Habran, Gael"]
[Result "1-0"]
[WhiteElo "2282"]
[BlackElo "1542"]
[PlyCount "103"]

1. c4 c5 2. Nf3 Nc6 3. d4 cxd4 4. Nxd4 Nxd4 5. Qxd4 Nf6 6. Nc3 d6 7. g3 g6 8.
Bg2 Bg7 9. O-O O-O 10. Qd3 Nd7 11. b3 Nc5 12. Qd2 Qa5 13. Bb2 Bd7 14. Rfd1 Bc6
15. Nd5 Qxd2 16. Nxe7+ Kh8 17. Bxg7+ Kxg7 18. Rxd2 Bxg2 19. Kxg2 Rfe8 20. Nd5
Rad8 21. e3 Rd7 22. f3 f5 23. Rad1 b6 24. Kf2 Kf7 25. h4 h5 26. Nc3 Re6 27. b4
Na6 28. a3 Ke7 29. Nb5 Nb8 30. Nd4 Rf6 31. Re1 Kf7 32. Nb5 Ke7 33. e4 fxe4 34.
Rxe4+ Kf7 35. Ke3 Nc6 36. c5 bxc5 37. bxc5 Re6 38. Nxd6+ Kf6 39. Ne8+ Ke7 40.
Nd6 Rxe4+ 41. Kxe4 Ke6 42. Rb2 Rc7 43. Rb7 Rxb7 44. Nxb7 a6 45. Nd6 Ne5 46. a4
Nd7 47. Nb7 Nb8 48. Na5 Nd7 49. Nb3 Ne5 50. Nd4+ Kf6 51. Kd5 Nd7 52. Kd6 1-0